Social and quantitative aspects of project management (Record no. 690)
[ view plain ]
| 000 -LEADER | |
|---|---|
| fixed length control field | 00574nam a2200145 4500 |
| 020 ## - INTERNATIONAL STANDARD BOOK NUMBER | |
| ISBN | 8176113875 |
| 050 ## - CALL NUMBER | |
| Classification number | HD69.A43 |
| 100 ## - AUTHOR | |
| Personal name | Agarwal, N.P., Mishra B.K. |
| 245 ## - TITLE | |
| Title | Social and quantitative aspects of project management |
| 260 ## - PUBLICATION INFORMATION | |
| Place of publication | Jaipur |
| Name of publisher | RBSA |
| Year of publication | 2007 |
| 300 ## - DESCRIPTION | |
| Number of Pages | 272p. |
| 505 ## - FORMATTED CONTENTS NOTE | |
| Table of Content | 1. Introduction<br/>2. Social cost benefit analysis<br/>3. Corporate social audit<br/>4. Project organization structure<br/>5. Project manager<br/>6. Use of network techniques in project planning<br/>7. Human resource audit<br/>8. Productivity audit |
| 650 ## - SUBJECTS | |
| Topical Term | quantitative methods |
| 942 ## - ADDED ENTRY ELEMENTS (KOHA) | |
| Koha item type | Books |
| Withdrawn status | Lost status | Collection code | Home library | Current library | Shelving location | Date acquired | Full call number | Accession Number | Koha item type |
|---|---|---|---|---|---|---|---|---|---|
| Reference | Methodist University Library Main | Methodist University Library Main | General Stacks | 03/01/2011 | HD69.A43 | 32843 | Books | ||
| Reference | Methodist University Library Main | Methodist University Library Main | General Stacks | 03/01/2011 | HD69.A43 | 24737 | Books |